Bringing the sacred down to earth : (Record no. 22367)
[ view plain ]
| 000 -LEADER | |
|---|---|
| fixed length control field | 01265cam a22002414a 4500 |
| 020 ## - INTERNATIONAL STANDARD BOOK NUMBER | |
| ISBN | 9780199860326 |
| 020 ## - INTERNATIONAL STANDARD BOOK NUMBER | |
| ISBN | 0199860327 |
| 020 ## - INTERNATIONAL STANDARD BOOK NUMBER | |
| ISBN | 9780199860333 |
| 020 ## - INTERNATIONAL STANDARD BOOK NUMBER | |
| ISBN | 0199860335 |
| 082 00 - DEWEY DECIMAL CLASSIFICATION NUMBER | |
| Classification number | 201.5 |
| Author Cutter | DEM |
| 100 1# - MAIN ENTRY--AUTHOR NAME | |
| Author name | Dempsey, Corinne G. |
| 245 10 - TITLE STATEMENT | |
| Title | Bringing the sacred down to earth : |
| 260 ## - PUBLICATION, DISTRIBUTION, ETC. (IMPRINT) | |
| Place of publication | New York : |
| Name of publisher | Oxford University Press, |
| Year of publication | c2012. |
| 300 ## - PHYSICAL DESCRIPTION | |
| Number of Pages | xi, 199 p. : |
| Other physical details | ill. ; |
| 505 0# - FORMATTED CONTENTS NOTE | |
| Formatted contents note | Icelandic and Indian language notes -- Introduction: adventures and misadventures in comparison -- The suffering Indian nun and the wandering (drunken) Irish priest: orientalism and Celticism unplugged -- Arguing equal access to an earthly sacred: Christian and Hindu theologies of liberation -- Making and staking sacred terrain: Rajneeshee and diaspora Hindu settlers and unsettlers -- Embodying the extraordinary in Iceland and India and the difference spirits make -- Postscript: unanticipated adventures in ritualized ethnography. |
| 650 #0 - SUBJECT ADDED ENTRY--TOPICAL TERM | |
| Topical Term | Religion. |
| 650 #0 - SUBJECT ADDED ENTRY--TOPICAL TERM | |
| Topical Term | Religions |
| 856 42 - ELECTRONIC LOCATION AND ACCESS | |
| Uniform Resource Identifier | http://www.loc.gov/catdir/enhancements/fy1302/2011016109-b.html |
| 856 42 - ELECTRONIC LOCATION AND ACCESS | |
| Uniform Resource Identifier | http://www.loc.gov/catdir/enhancements/fy1302/2011016109-d.html |
| 856 41 - ELECTRONIC LOCATION AND ACCESS | |
| Uniform Resource Identifier | http://www.loc.gov/catdir/enhancements/fy1302/2011016109-t.html |
| 942 ## - ADDED ENTRY ELEMENTS (KOHA) | |
| Koha item type | Books |
| Home library | Current library | Shelving location | Date acquired | Full call number | Accession Number | Koha item type |
|---|---|---|---|---|---|---|
| Henry Martyn Institute Library | Henry Martyn Institute Library | General stacks | 10/24/2018 | 201.5 DEM | 11003733 | Books |
